| 000 | 01176nam a2200265Ia 4500 | ||
|---|---|---|---|
| 999 |
_c3961 _d3961 |
||
| 003 | OSt | ||
| 005 | 20200423235029.0 | ||
| 008 | 191128s2003 ck gr 000 0 spa d | ||
| 020 | _a9587013379 | ||
| 040 |
_aCO-JMCR _cCO-JMCR |
||
| 041 | 0 | _aspa | |
| 082 | 0 | 4 |
_a324.204 / _bR896n _223 |
| 100 | 1 |
_aRubio Serrano, Rocío, _eautor _93500 |
|
| 245 | 1 | 0 |
_aNo hay paraísos sino los perdidos : _bhistoria de una red clientelista en Bogotá / _cRocío Rubio Serrano |
| 250 | _aPrimera edición | ||
| 260 |
_aBogotá : _bUniversidad Nacional de Colombia, _c2003 |
||
| 300 |
_a157 páginas ; _c21 cm. |
||
| 490 | 0 | _aMaestrías | |
| 504 | _abibliografía: páginas 155-157 | ||
| 505 | 0 | _aLa mirada teórica -- La red telesforista y su tejido -- Entornos institucionales, actuaciones telesforistas | |
| 520 | _aNo hay paraíso sino los perdidos es un recorrido por la historia de la red política de Telésforo Pedraza. Una red que entrelaza sectores marginales y populares de Bogotá a partir de un sistema de relaciones asimétricas e intercambios. | ||
| 650 | 1 | 4 |
_aTácticas políticas _zColombia _93501 |
| 650 | 1 | 4 |
_aPolítica y gobierno _zColombia _93502 |
| 942 |
_2ddc _cBK |
||